| 000 | 00879nam a22001577a 4500 | ||
|---|---|---|---|
| 003 | OSt | ||
| 005 | 20151009090029.0 | ||
| 008 | 151009b xxu||||| |||| 00| 0 eng d | ||
| 040 | _cRUA | ||
| 082 | _aAVM KHI 2008 B070 Or.1 | ||
| 100 |
_92409 _aKHIN, VONG. |
||
| 245 | _aEffect of supplement bean sprout on implementation of CP in growth rate avian broiler at royal university of agriculture, ឥទ្ធិពលនៃកាបន្ថែមសណ្តែកបណ្តុះលើចំណីផ្សំក្រុមហ៊ុន ស៊ីភីក្នុងការលូតលាស់មាន់សាច់ពូជ AVIAN នៅស្ថានីយ៍ចិញ្ចឹមសត្វនៃសាកលវិទ្យាល័យភូមិន្ធកសិកម្ម. | ||
| 260 |
_aphnom phen _bRUA _c2008 |
||
| 300 |
_aXI,45p. _bill. _c29cm. |
||
| 942 |
_2ddc _cAVM |
||
| 999 |
_c2267 _d2267 |
||